=LDR 00000nam 2200000 4500 =001 INLIS000000000027054 =005 20130612125447 =008 ***********************************Ind** =035 ##$$0010-061300000027054 =041 ##$$a Ind =082 ##$$a 613.71 =090 ##$$a 613.71, Sha k =100 ##$$a Sharkey, Brian J =245 ##$$a Kebugaran dan kesehatan, Brian J. Sharkey ; penerjemah, Eri D Nasution =260 ##$$a 2003 $b Jakarta =300 ##$$a xxvii, 359 hlm, ilus, 24 cm =650 ##$$a Fitnes =700 ##$$a Nasution, Eri D =850 ##$$a NBPNMAT